| 000 | 00000nam##2200000za#4500 |
| 001 | 9.681620 |
| 003 | CaOODSP |
| 005 | 20200401075205 |
| 007 | ta |
| 008 | 150407|2000||||xxc||||| f|0| 0 fre|d |
| 020 | |a0-662-86201-5 |
| 040 | |aCaOODSP|bfre |
| 043 | |an-cn--- |
| 086 | 1 |aE2-218/2000F |
| 110 | 1 |aCanada.|bAffaires étrangères et Commerce international. |bCentre canadien pour le développement de la politique étrangère. |
| 245 | 10|aRapport de la table ronde: le déploiement d'experts dans les opérations internationales de paix / |cpar Marketa Geislerova. |
| 260 | |aOttawa - Ontario : |bAffaires étrangères et Commerce international. |c2000. |
| 300 | |a16p. en pagination multiple. ; |c28 cm. |
| 500 | |aN.B.: Le numéro de catalogue (2-218/2000F) imprimé dans cette publication est incorrect. |
| 563 | |aCouverture souple |
| 590 | |a02-34|b2002-08-23 |
| 691 | 07|aForces de maintien de la paix|2gcpds |
| 691 | 07|aPolitique étrangère|2gcpds |
| 691 | 07|aRéunion|2gcpds |
| 720 | 1 |aGeislerova, Marketa |
| 775 | 08|tReport from the Roundtable on Expert Deployment to International Peace Operations / |w(CaOODSP)9.648075 |
| 776 | 0#|tRapport de la table ronde: le déploiement d'experts dans les opérations internationales de paix (12 septembre 2000, Ottawa, Ontario) / |w(CaOODSP)9.630730 |